Predpoklady podania odvolania daňovým subjektom

Definícia odovolania v daňovom konaní a jeho náležistosti. Predpoklady podania odvolania daňovým subjektom. Postup prvostupňového správcu dane po podaní odvolania - zhrnutie výsledkov doplneného daňového konania, stanovisko ku všetkým dôvodom odvolania, návrh na výrok rozhodnutia o odvolaní a nepríp...

Ausführliche Beschreibung

Gespeichert in:
Bibliographische Detailangaben
1. Verfasser: Hrtánek, Ladislav
Format: Buchkapitel
Sprache:Slowakisch
Schlagworte:
Tags: Tag hinzufügen
Keine Tags, Fügen Sie das erste Tag hinzu!

MARC

LEADER 00000naa a2200000 4500
001 0276561
005 20240426105050.0
041 0 |a slo 
044 |a SK 
245 1 0 |a Predpoklady podania odvolania daňovým subjektom  |c Ladislav Hrtánek 
520 |a Definícia odovolania v daňovom konaní a jeho náležistosti. Predpoklady podania odvolania daňovým subjektom. Postup prvostupňového správcu dane po podaní odvolania - zhrnutie výsledkov doplneného daňového konania, stanovisko ku všetkým dôvodom odvolania, návrh na výrok rozhodnutia o odvolaní a neprípustnosť podaného odvolania. 
610 2 0 |a správa daňová 
610 2 0 |a dane 
610 2 0 |a konanie daňové 
610 2 0 |a legislatíva 
610 2 0 |a odvolanie 
610 2 0 |a subjekty daňové 
100 1 |a Hrtánek, Ladislav